000 00470nam a22001937a 4500
003 CEME
005 20210628210541.0
008 210209b xxu||||| |||| 00| 0 eng d
020 _a0-534-52434-6
040 _c.
082 _a520 SEE
100 _aSeeds, Michael.A
_979899
245 _aHorizons exploring the universe
250 _a5TH
260 _aBELMONT,CA
_bWADSWOTH PUBLISHING
_c1997
300 _aXV,459P
650 _aASTRONOM
_979900
942 _cBK
_2ddc
999 _c584883
_d584883